00446nam a2200133Ia 4500008004100000082001500041100003100056245011600087260003900203300001400242520001100256650002800267700001700295230907s9999||||xx |||||||||||||| ||und|| a620.1bMUB aMubeen Ahmed (00000320216) 0aComparison of Thermodynamic Performance of Geothermal Organic Rankine Cycle with Two Different Working Fluids / aUSPCAS-E, NUST,bIslamabad :c2022 axv, 53 p. aTH-427 aMS-TEE Thesis MS Thesis aDr Majid Ali